000
00304nam a2200133Ia 4500
005
20251222155109.0
008
251222s9999||||xx |||||||||||||| ||spa||
082
_a
EBA.49
100
_a
PERRY POTTER.
245
0
_a
EnfermerĂa ClĂnica
250
_a
4ta. ed.
264
_b
Harcourt Brace
942
_c
LIB
999
_c
37968
_d
37968